| 000 -ლიდერი |
| ფიქსირებული სიგრძის საკონტროლო ველი |
01099nam a2200229Ia 4500 |
| 001 - საკონტროლო ნომერი |
| საკონტროლო ველი |
23716 |
| 003 - საკონტროლო ნომრის იდენტიფიკატორი |
| საკონტროლო ველი |
GE_BSU |
| 005 - ბოლო ოპერაციის თარიღი და დრო |
| საკონტროლო ველი |
20191031110142.0 |
| 008 - ფიქსირებული სიგრძის მონაცემთა ელემენტები - ზოგადი ინფორმაცია |
| ფიქსირებული სიგრძის საკონტროლო ველი |
181216s2018|||| |||||||||||||| ||geo|| |
| 020 ## - წიგნის საერთაშორისო სტანდარტული ნომერი |
| International Standard Book Number |
9789941462818 |
| 040 ## - კატალოგიზაციის წყარო |
| Transcribing agency |
GE_BSU |
| 041 ## - ენის კოდი |
| Language code of text/sound track or separate title |
geo |
| 080 ## - უნივერსალური ათობითი კლასიფიკაციის ინდექსი |
| Universal Decimal Classification number |
82(063) ლ-68 |
| 245 ## - ცნობა სათაურის შესახებ |
| Title |
ლიტერატურული კლუბის მასალები №1 / |
| Statement of responsibility, etc |
შემდგ : ნანა ტრაპაიძე ; რედ : ნანა ტრაპაიძე ; ირაკლი ყურუა. |
| 264 ## - წარმოების, გამოცემის, დისტრიბუციის და სხვა ცნობები |
| გამოცემის, წარმოების, დისტრიბუციის... ადგილი |
ბათუმი : |
| გამოცემის, წარმოების, დისტრიბუციის... სახელწოდება |
ბათუმის შოთა რუსთაველის სახელმწ. უნ-ტის გამ-ბა, |
| გამოცემის, წარმოების, დისტრიბუციის... თარიღი |
2018. |
| 300 ## - ფიზიკური აღწერა |
| Extent |
299 გვ .: |
| Other physical details |
ილ; |
| Dimensions |
23 სმ. |
| 653 ## - INDEX TERM--UNCONTROLLED |
| Uncontrolled term |
ლიტერატურა |
| 700 ## - ADDED ENTRY--PERSONAL NAME |
| Personal name |
ტრაპაიძე, ნანა |
| Relator term |
შემდგენელოი |
| 9 (RLIN) |
4150 |
| 700 ## - ADDED ENTRY--PERSONAL NAME |
| Personal name |
ტრაპაიძე, ნანა |
| Relator term |
რედაქტორი |
| 9 (RLIN) |
4150 |
| 700 ## - ADDED ENTRY--PERSONAL NAME |
| Personal name |
ყურუა, ირაკლი |
| Relator term |
რედაქტორი |
| 9 (RLIN) |
5155 |
| 942 ## - ADDED ENTRY ELEMENTS (KOHA) |
| Koha item type |
წიგნი |
| Source of classification or shelving scheme |
|